Loading...
| Science - Biology | 0 | 5 | 0 | 0 | 50 | 72 | 80.00 | 0 | 2 | 12.32 | 30.77 |
| Literature - European | 0 | 5 | 0 | 1 | 50 | 82 | 119.80 | 0 | 0 | 5.91 | 16.08 |
| History - European | 0 | 4 | 0 | 1 | 40 | 73 | 90.50 | 0 | 0 | 8.75 | 13.78 |
| Literature - British | 0 | 4 | 1 | 0 | 35 | 88 | 128.75 | 0 | 1 | 3.94 | 13.73 |
| Philosophy | 0 | 4 | 2 | 2 | 30 | 87 | 105.25 | 0 | 0 | 3.11 | 8.49 |
| Literature - World | 0 | 3 | 1 | 0 | 25 | 99 | 120.67 | 0 | 0 | 3.95 | 10.68 |
| Literature - American | 0 | 3 | 2 | 0 | 20 | 99 | 112.33 | 0 | 0 | 4.61 | 12.55 |
| Fine Arts - Other | 0 | 2 | 0 | 0 | 20 | 122 | 129.00 | 0 | 0 | 1.49 | 9.24 |
| Mythology | 0 | 2 | 0 | 0 | 20 | 95 | 101.50 | 0 | 0 | 3.02 | 3.95 |
| History - World | 0 | 3 | 2 | 0 | 20 | 74 | 107.33 | 0 | 0 | 5.09 | 5.18 |
| History - American | 0 | 2 | 0 | 0 | 20 | 80 | 94.00 | 0 | 0 | 4.38 | 8.71 |
| History - Other | 0 | 2 | 1 | 0 | 15 | 86 | 113.50 | 0 | 1 | 2.41 | 7.59 |
| Fine Arts - Painting and Sculpture | 0 | 2 | 1 | 0 | 15 | 97 | 104.00 | 0 | 0 | 3.13 | 6.73 |
| Social Science | 0 | 1 | 0 | 1 | 10 | 120 | 120.00 | 0 | 0 | 0.00 | 0.69 |
| Other Academic | 0 | 1 | 0 | 0 | 10 | 104 | 104.00 | 0 | 0 | 5.93 | 23.08 |
| Science - Other | 0 | 1 | 0 | 1 | 10 | 120 | 120.00 | 0 | 0 | 0.00 | 0.64 |
| Science - Physics | 0 | 2 | 2 | 0 | 10 | 90 | 92.00 | 0 | 0 | 3.00 | 5.40 |
| Current Events | 0 | 1 | 0 | 0 | 10 | 68 | 68.00 | 0 | 0 | 15.63 | 19.44 |
| Science - Chemistry | 0 | 1 | 0 | 0 | 10 | 42 | 42.00 | 0 | 1 | 5.06 | 6.94 |
| Geography | 0 | 1 | 1 | 1 | 5 | 112 | 112.00 | 0 | 0 | 4.83 | 5.13 |
| Fine Arts - Classical Music | 0 | 1 | 1 | 0 | 5 | 111 | 111.00 | 0 | 0 | 1.22 | 3.85 |
| Religion | 0 | 0 | 0 | 0 | 0 | 0.00 | 0 | 0 | 0.00 | 0.00 |